00418nam a2200181Ia 4500003000900000008004100009040001300050040001300063041000800076100001900084245006400103250001200167260002100179260000900200300000800209490001300217490000600230IT-RoPAU120407s9999 xx 000 0 und d aIT-RoPAU cIT-RoPAU aita aPierre Dufoyer aLa psicologia degli adolescenti spiegata alle mamme 2. ed. aMilano  aEdizioni Paoline c1962 c cm aFamilgia v1